| 000 | 00000nam##2200000za#4500 |
| 001 | 9.663021 |
| 003 | CaOODSP |
| 005 | 20210615120843 |
| 007 | ta |
| 008 | 150407|2001||||xxc||||| f|0| 0 eng|d |
| 020 | |a0-662-65942-2 |
| 040 | |aCaOODSP|beng |
| 041 | |aeng |
| 041 | |afre |
| 043 | |an-cn--- |
| 086 | 1 |aH21-172/2001 |
| 110 | 1 |aCanada.|bHealth Canada. |bHealth Policy and Communications Branch. |
| 245 | 10|aHealth expenditures in Canada by age and sex, 1980-81 to 2000-01: report |
| 260 | |aOttawa - Ontario : |bHealth Canada. |c2001. |
| 300 | |a82p. : |bfigs., tables ; |c28 cm. |
| 546 | |aBilingual |
| 563 | |aSpiral binding |
| 590 | |a01-42|b2001-10-19 |
| 690 | 07|aCosts|2gcpds |
| 690 | 07|aHealth care industry|2gcpds |
| 776 | 0#|tDépenses de santé au Canada selon l'âge et le sexe, 1980-1981 à 2000-2001 : |w(CaOODSP)9.675758 |
| 792 | |tDépenses de santé au Canada selon l'âge et le sexe, 1980-1981 à 2000-2001: rapport |efre|w(CaOODSP)9.663022 |